000
00290nam a22001337a 4500
008
180116b xxu||||| |||| 00| 0 eng d
020
_a
0810911027
041
_a
eng
080
_a
710
100
_a
44
101
_a
ART
245
_a
Italian Painting
_c
Vsevolozhskaya, S
942
_2
udc
_c
BK
999
_c
40366
_d
40366